00949nam a22002297a 4500999001700000003000900017008004100026040007100067082001800138100002000156245003600176260005300212300002800265440003100293505018300324650002700507650003100534650002000565942001600585945002000601952009800621 c19587d19587AR-CdUCM190518b ||||| |||| 00| 0 spa d aMUNICIPALIDAD PROVINCIAL DEL CUSCOcBIBLIOTECA MUNICIPAL DEL CUSCO a869.96 /bL73 aLizaso, Félix aPanorama de la cultura cubana / aMéxico :bFondo de cultura económica,c1949. a155 páginas ;c22 cm. aTierra firme ;n47941015 aContenido: El padre Varela y los orígenes del pensamiento cubano -- Luz y caballero y la formación de la conciencia cubana -- Enrique José Varona, maestro de juventudes ... aLiteratura cubana9668 aHistoria y crítica95993 aSiglo XIX.9971 2ddccLIBROS aacvd2019-05-18 002ddc4070aSHbSHcCARTd2019-05-18g30.00o869.96 / L73pSH0000014613r2019-05-18yLIBROS